| 000 | 01051nam a2200241Ia 4500 | ||
|---|---|---|---|
| 999 |
_c38425 _d38425 |
||
| 001 | 4436 | ||
| 003 | GE_BSU | ||
| 005 | 20190517184339.0 | ||
| 008 | 181216s1982||||ge |||||||||||||| ||geo|| | ||
| 040 | _cGE_BSU | ||
| 041 | _ageo | ||
| 080 | _a531.7(075) გ–56 | ||
| 100 |
_aგლოველი, შ. _91330 |
||
| 245 |
_aფიზიკურ სიდიდეთა ერთეულები / _cშ.გლოველი ; ნ. გიორგობიანი ; დ. ვარძელაშვილი ; ნ.ა.ლანდიას რედაქციით. |
||
| 264 |
_aთბილისი : _bმეცნიერება, _c1982. |
||
| 300 |
_a214 გვ .: _c21 სმ. |
||
| 653 | _aფიზიკურ სიდიდეთა ერთეულები. | ||
| 653 | _aფიზიკა | ||
| 700 |
_aგიორგობიანი,ნ. _91331 |
||
| 700 |
_aვარძელაშვილი,დ. _91332 |
||
| 700 |
_aლანდიას, ნ.ა _eრედაქციით _91333 |
||
| 942 |
_cBK _2udc |
||